US Men's 'US Open' Tennis Performances Quiz Stats

 Plays Quiz Updated Sep 10, 2017

Challenge
Share
Tweet
Embed
Score 0/50 Timer 06:00
0 Plays Today
Year Player % Correct
2004Andre Agassi, Andy Roddick
97.2%
2005Andre Agassi
94.9%
1989Andre Agassi, Aaron Krickstein
94.9%
1999Andre Agassi
94.9%
1994Andre Agassi
94.9%
1988Andre Agassi
94.9%
2002Pete Sampras
94.1%
2001Pete Sampras
94%
2000Pete Sampras
94%
1998Pete Sampras
94%
1996Pete Sampras
94%
1995Pete Sampras
94%
1993Pete Sampras
94%
1992Pete Sampras
94%
1990Pete Sampras
94%
2011John Isner, Andy Roddick
93.8%
2012Mardy Fish, Andy Roddick
93.2%
2008Mardy Fish, Andy Roddick
93.2%
2007Andy Roddick
92.9%
2006Andy Roddick
92.9%
2003Andy Roddick
92.9%
1985John McEnroe
89%
1984John McEnroe
89%
1981John McEnroe
89%
1980John McEnroe
89%
Year Player % Correct
1979John McEnroe
89%
2014John Isner, Sam Querrey
88.2%
2013John Isner, Tim Smyczek, Jack Sock
87%
2015John Isner, Donald Young
86.3%
2010Mardy Fish, Sam Querrey
86.2%
2009John Isner
85.8%
1987Jimmy Connors
81.5%
1983Jimmy Connors
81.5%
1982Jimmy Connors
81.5%
1978Jimmy Connors
81.5%
1977Jimmy Connors
81.5%
1976Jimmy Connors
81.5%
1975Jimmy Connors
81.5%
1974Jimmy Connors
81.5%
2017Sam Querrey
79.3%
2016Jack Sock
64.5%
1972Arthur Ashe
64%
1969Arthur Ashe
64%
1968Arthur Ashe
64%
1991Jim Courier
58.3%
1997Michael Chang
57.6%
1973Stan Smith
35.9%
1971Stan Smith
35.9%
1970Cliff Richey
3.9%
1986Tim Wilkison
2.9%

You're not logged in!

Compare scores with friends on all Sporcle quizzes.
Join for Free
OR
Log In

You Might Also Like...

Show Comments

Extras

Top Quizzes Today


Score Distribution

Your Account Isn't Verified!

In order to create a playlist on Sporcle, you need to verify the email address you used during registration. Go to your Sporcle Settings to finish the process.

Report this User

Report this user for behavior that violates our Community Guidelines.

Details: